| 000 | 00770nam a2200181Ia 4500 | ||
|---|---|---|---|
| 008 | 090124s9999 xx 000 0 und d | ||
| 082 | _b37721 | ||
| 100 | _aकीर्तने अंजली | ||
| 245 | _a डॉ. आनंदीबाई जोशी एका लघुपटाची रोजनिशी | ||
| 250 | _a1 | ||
| 260 |
_bशब्द प्रकाशन _c2001 |
||
| 300 | _a128 | ||
| 600 | _aकीर्तने अंजली | ||
| 630 | _a डॉ. आनंदीबाई जोशी एका लघुपटाची रोजनिशी | ||
| 700 | _aकीर्तने अंजली | ||
| 730 | _a डॉ. आनंदीबाई जोशी एका लघुपटाची रोजनिशी | ||
| 942 | _cBOOK | ||
| 999 |
_c103786 _d103786 |
||